Business Strategy for GreenerGlow Smart Plant Monitoring to Enhance User Engagement and Sustainability

Bibliográfiai részletek
Szerző: Isaeva Sati
További közreműködők: Gajzágó Dr. Éva Judit
Dokumentumtípus: Diplomadolgozat
Kulcsszavak:business strategy
Eco-friendly Products
IoT (Internet of Things)
Marketing for Startups
Smart Gardening
strategic planning
Sustainable Innovation
Online Access:http://dolgozattar.uni-bge.hu/59909

MARC

LEADER 00000nta a2200000 i 4500
001 dolg59909
005 20260409145731.0
008 260409suuuu hu om 000 eng d
040 |a BGE Dolgozattár Repozitórium  |b hun 
041 |a en 
100 1 |a Isaeva Sati 
245 1 0 |a Business Strategy for GreenerGlow  |b Smart Plant Monitoring to Enhance User Engagement and Sustainability  |c Isaeva Sati  |h [elektronikus dokumentum] 
520 3 |a This thesis presents a comprehensive business strategy for GreenerGlow, an IoT-based smart plant monitoring solution designed to enhance user engagement and foster sustainable lifestyles. By integrating theoretical frameworks from marketing, entrepreneurship, and digital innovation, the research examines how technology-driven plant care systems can meet the expectations of environmentally conscious urban consumers. The study applies a mixed-methods approach, including user surveys and semi-structured interviews, to identify market needs and inform strategic decision-making. Key strategic tools—SWOT, STEEPLE, the Business Model Canvas, and QSPM Matrix—are employed to construct actionable market entry and growth plans. The results underscore the importance of emotional branding, sustainability, and intuitive design in driving IoT adoption. GreenerGlow is positioned as a scalable and impactful innovation at the intersection of environmental responsibility and smart technology. 
695 |a business strategy 
695 |a Eco-friendly Products 
695 |a IoT (Internet of Things) 
695 |a Marketing for Startups 
695 |a Smart Gardening 
695 |a strategic planning 
695 |a Sustainable Innovation 
700 1 |a Gajzágó Dr. Éva Judit  |e ths 
856 4 0 |u http://dolgozattar.uni-bge.hu/59909/1/IsaevaSati_Final_Thesis1.pdf  |z Dokumentum-elérés 
856 4 0 |u http://dolgozattar.uni-bge.hu/59909/2/BA%20KM%20Isaeva%20Sati%20bi%CC%81ra%CC%81lati%20lap%20KU%CC%88LSO%CC%8B.pdf  |z Dokumentum-elérés 
856 4 0 |u http://dolgozattar.uni-bge.hu/59909/3/BA%20KM%20angol%20b%C3%ADr%C3%A1lati%20lap%20BELS%C5%90%20I%20Sati.pdf  |z Dokumentum-elérés